| Tag |
First Indicator |
Second Indicator |
Subfields |
| LEADER |
00000pam a2200000 a 4500 |
| 001 |
in00000525941 |
| 005 |
20151013092322.0 |
| 008 |
830223s1983 ie af b 00100beng |
| 010 |
|
|
|a 83003722
|
| 020 |
|
|
|a 0389203955 (Barnes & Noble Books)
|
| 035 |
|
|
|a (OCoLC)09324623
|
| 035 |
|
|
|9 ACG0082AM
|
| 039 |
0 |
|
|a 2
|b 3
|c 3
|d 3
|e 3
|
| 040 |
|
|
|a DLC
|c DLC
|d TXA
|d UtOrBLW
|
| 049 |
|
|
|a TXAM
|c [1486142]
|
| 050 |
0 |
0 |
|a PR5043
|b .G46 1983
|
| 082 |
0 |
|
|a 823/.8
|2 19
|
| 245 |
0 |
0 |
|a George Moore in perspective /
|c edited by Janet Egleson Dunleavy.
|
| 264 |
|
1 |
|a Naas, County Kildare :
|b Malton Press ;
|a Totowa, N.J. :
|b Barnes & Noble Books,
|c 1983.
|
| 300 |
|
|
|a 174 pages, 16 unnumbered pages of plates :
|b illustrations ;
|c 23 cm.
|
| 336 |
|
|
|a text
|b txt
|2 rdacontent
|
| 337 |
|
|
|a unmediated
|b n
|2 rdamedia
|
| 338 |
|
|
|a volume
|b nc
|2 rdacarrier
|
| 490 |
1 |
|
|a Irish literary studies,
|x 0140-895X ;
|v 16
|
| 500 |
|
|
|a Includes index.
|
| 504 |
|
|
|a Bibliography: pages [155]-161.
|
| 600 |
1 |
0 |
|a Moore, George,
|d 1852-1933.
|
| 650 |
|
0 |
|a Authors, Irish
|y 19th century
|v Biography.
|
| 700 |
1 |
|
|a Dunleavy, Janet Egleson.
|
| 830 |
|
0 |
|a Irish literary studies ;
|v 16.
|
| 999 |
|
|
|a MARS
|
| 999 |
f |
f |
|s df9cc779-ed62-3396-afd1-ed9a3b078a0f
|i a4852868-a02f-3c99-8719-beef1417db77
|t 0
|
| 952 |
f |
f |
|p normal
|a Texas A&M University
|b College Station
|c Sterling C. Evans Library
|d Evans: Library Stacks
|t 0
|e PR5043 .G46 1983
|h Library of Congress classification
|i unmediated -- volume
|m A14808068465
|
| 998 |
f |
f |
|a PR5043 .G46 1983
|t 0
|l Evans: Library Stacks
|